000 00814nam a2200229 a 4500
001 000019528
005 20200929170040.0
008 100630s2006 es ac 001 0 spa d
020 _a8466209662
040 _aDO-SdBNP
_bspa
_cBNPHU
082 _a720.9
_bR696b
100 1 _aRodríguez Llera, Ramón
_941899
245 1 0 _aBreve historia de la arquitectura /
_cRamón Rodríguez Llera.
260 _aMadrid :
_bEditorial Libsa,
_c2006.
300 _a256 p. :
_bil., retrs. ;
_c30 cm.
500 _aIncluye datos biográficos del autor en la solapa de la contracubierta
500 _aIncluye índice de ilustraciones
504 _aIncluye referencias bibliográficas y notas al pie de las páginas
504 _aIncluye bibliografías (P. 251-254)
650 4 _aArquitectura
_xHistoria
_941900
049 _aBNPD
999 _c19044
_d19044